000 00792nam a22002537a 4500
003 DO-SdBNP
005 20240510073821.0
007 ta
008 210701b 2018 dr 00| 0 eng d
020 _a9789945168969
040 _aDO-SdBNP
_bspa
_cBNPHU
082 4 _a248.32
_bC198d
_222
100 1 _aCampos, Domingo
_979066
_qObispo
245 1 0 _aDescubriendo el tesoro por medio de la oración /
_cDomingo Campos.
260 _aSanto Domingo :
_bBúho,
_c2018.
300 _a280 p. ;
_c22 cm.
500 _aIncluye datos biográficos del autor en la solapa de la cubierta.
590 _aInventariado, 2021 /LP
650 4 _aOración
_9270
650 4 _aAyuno y abstinencia
_979211
650 0 _aVida cristiana
_9668
910 _aValidado. Control de calidad MFF
942 _2ddc
_cLBS1
999 _c50032
_d50032